Country-Capital Matching (A-Z) Quiz Stats

 Plays Quiz Updated Apr 17, 2015

Support Sporcle.
Go Orange.
Score 0/24 Timer 04:00
14 Plays Today
% Correct
Australia
89.8%
United Kingdom
88.8%
Spain
86.1%
Norway
85.4%
Iceland
84.2%
Finland
83.3%
Poland
82.8%
South Korea
81.2%
Israel
80.2%
Iraq
77.8%
Ukraine
76.1%
Ecuador
72.4%
% Correct
Kenya
71.5%
Pakistan
71.2%
Croatia
70%
Mongolia
67.9%
Taiwan
67.4%
Syria
67.1%
United Arab Emirates
63.7%
Malta
60.7%
Cambodia
59.8%
Guyana
57.6%
Sierra Leone
52.5%
Côte d’Ivoire
48.1%

From the Vault

Super Bowls' Yard Leaders

by 12bball

Sports 10m
The amazing thing is that many of these players weren't even on the winning team.
Remove Ads.
Support Sporcle.
Get the best of Sporcle when you Go Orange. This ad-free experience offers more features, more stats, and more fun while also helping to support Sporcle. Thank you for becoming a member.

Show Comments

Extras

Top Quizzes Today


Score Distribution

Your Account Isn't Verified!

In order to create a playlist on Sporcle, you need to verify the email address you used during registration. Go to your Sporcle Settings to finish the process.

Report this User

Report this user for behavior that violates our Community Guidelines.

Details: